000 00489nam a2200169Ia 4500
003 OSt
005 20200114124140.0
008 190216s9999||||xx |||||||||||||| ||und||
040 _coclc
082 _a657.42
_bJAI/I
100 _aJain, S P
_91169
245 0 _aIntroduction To Cost Accounting /
_cS P Jain ; K L Narang
250 _a3rd ed.
260 _bKalyani Publishers,
_c2003.
_aNew Delhi:
300 _a461p
942 _cBK
_2ddc
_h657.42
_iJAI/I
_k657.42
_mJAI/I
999 _c6461
_d6461